000 00508nam a2200205Ia 4500
003 0100
008 130303s9999 xx 000 0 und d
040 _cARRUPELIB
050 _aJA79.C591992
245 _aClassics of moral and political theory
260 _aIndianapolis IN
260 _bHackett
260 _C1992
300 _a1278p
650 _bEthics
650 _cNatiralism
650 _dEthics -- Psychological aspects
700 _aed. by Michael Morgan , Morgan, Michael L
942 0 0 _01
999 _c19422
_d19422